[Event "SRB-ch U18"]
[Site "Sokobanja"]
[Date "2010.04.09"]
[Round "7"]
[White "Tadic, Nikola"]
[Black "Grujic, Milos"]
[Result "0-1"]
[WhiteElo "1974"]
[BlackElo "1699"]
[PlyCount "98"]
[EventDate "2010.04.05"]
[EventType "swiss"]
[EventRounds "9"]
[EventCountry "YUG"]
[SourceTitle "CBM 135 Extra"]
[Source "ChessBase"]
[SourceDate "2010.05.04"]
[SourceVersion "1"]
[SourceVersionDate "2010.05.04"]
[SourceQuality "1"]

1. e4 e5 2. Nf3 Nc6 3. Bc4 Bc5 4. c3 h6 5. d4 exd4 6. cxd4 Bb4+ 7. Nc3 Bxc3+ 8. bxc3 Nge7 9. 0-0 0-0 10. Bb3 d6 11. Qd3 Kh8 12. Nh4 Ng8 13. g3 g5 14. Ng2 Bh3 15. f4 Bxg2 16. Kxg2 f6 17. Bb2 Qe7 18. c4 Rad8 19. Rae1 Qh7 20. Bc2 Nb4 21. Qc3 Nxc2 22. Qxc2 Rde8 23. Qe2 c6 24. e5 d5 25. cxd5 cxd5 26. Qb5 gxf4 27. gxf4 Rd8 28. Kh1 f5 29. Rc1 Qd7 30. Qxd7 Rxd7 31. Rc5 Ne7 32. Kg2 Rc8 33. Rfc1 Rxc5 34. dxc5 d4 35. Kf3 Kg8 36. Ke2 Nc6 37. a3 Kf7 38. Kd3 Na5 39. Bxd4 Rxd4+ 40. Kxd4 Nb3+ 41. Kd5 Nxc1 42. e6+ Ke7 43. Ke5 Nd3+ 44. Kxf5 Nxc5 45. Kg6 Nxe6 46. f5 Nf8+ 47. Kg7 h5 48. a4 h4 49. h3 Nd7 0-1

[Event "SRB-ch U18"]
[Site "Sokobanja"]
[Date "2010.04.08"]
[Round "5"]
[White "Milovic, Nikola"]
[Black "Grujic, Milos"]
[Result "1-0"]
[WhiteElo "1952"]
[BlackElo "1699"]
[PlyCount "41"]
[EventDate "2010.04.05"]
[EventType "swiss"]
[EventRounds "9"]
[EventCountry "YUG"]
[SourceTitle "CBM 135 Extra"]
[Source "ChessBase"]
[SourceDate "2010.05.04"]
[SourceVersion "1"]
[SourceVersionDate "2010.05.04"]
[SourceQuality "1"]

1. Nf3 Nc6 2. d4 d5 3. c4 e6 4. g3 b6 5. Bg2 Bd6 6. 0-0 h6 7. Nc3 Nf6 8. Nb5 0-0 9. Nxd6 Qxd6 10. Bf4 Qe7 11. Rc1 Bb7 12. Qa4 Qb4 13. Qxb4 Nxb4 14. Bxc7 Na6 15. Bd6 Rfd8 16. Be7 Rd7 17. Bxf6 gxf6 18. e3 Nb4 19. cxd5 exd5 20. a3 Nc6 21. Rc3 1-0